Elementos de geometría puestos al alcance de los niños / (Record no. 182380)

MARC details
000 -LEADER
campo de control de longitud fija 00656nam a2200181 i 4500
001 - NÚMERO DE CONTROL
campo de control 182380
003 - IDENTIFICADOR DE NÚMERO DE CONTROL
campo de control ES-MaACL
005 - FECHA Y HORA DE LA ÚLTIMA TRANSACCIÓN
campo de control 20251003063157.0
008 - DATOS DE LONGITUD FIJA--INFORMACIÓN GENERAL
campo de control de longitud fija 130807s1916 sp |||| | spa d
100 1# - ENTRADA PRINCIPAL--NOMBRE DE PERSONA
Nombre de persona Paluzíe, Faustino,
Fechas asociadas al nombre 1833-1901
9 (RLIN) 153192
245 10 - MENCIÓN DEL TÍTULO
Título Elementos de geometría puestos al alcance de los niños /
Mención de responsabilidad, etc. por Faustino Paluzíe.
250 ## - MENCION DE EDICION
Mención de edición Nueva edición aumentada.
260 ## - PUBLICACIÓN, DISTRIBUCIÓN, ETC.
Lugar de publicación, distribución, etc. Barcelona :
Nombre del editor, distribuidor, etc. Hijos de Paluzíe,
Fecha de publicación, distribución, etc. 1916.
300 ## - DESCRIPCIÓN FÍSICA
Extensión 74 p. :
Otras características físicas il. ;
Dimensiones 16 cm.
650 07 - PUNTO DE ACCESO ADICIONAL DE MATERIA--TÉRMINO DE MATERIA
Término de materia o nombre geográfico como elemento de entrada Geometría
Fuente del encabezamiento o término embne
9 (RLIN) 13096
852 ## - LOCALIZACIÓN
Ubicación ES-MaACL
Número de control de estantería 2321-F-5
Nota libre .- Donat. herederos de la bibl. de Mª del Pilar Costa Palacín
Holdings
Estatus retirado Estado de pérdida Estado de daño No para préstamo Colección Biblioteca de origen Biblioteca actual Ubicación en estantería Fecha de adquisición Fuente de adquisición Total de préstamos Signatura topográfica completa Código de barras Visto por última vez Precio de reemplazo Tipo de ítem Koha
        Colección de folletos Biblioteca del Ateneo de Madrid Biblioteca del Ateneo de Madrid Depósito folletos 07/08/2013     2321-F-5 1191658 23/02/2023 23/02/2023 Folleto